Normal view
MARC view
- Canfield J Vakil S Tr
Entry Personal Name
001 - CONTROL NUMBER
- control field: 28010
003 - CONTROL NUMBER IDENTIFIER
- control field: OSt
005 - DATE AND TIME OF LATEST TRANSACTION
- control field: 20220803173135.0
008 - FIXED-LENGTH DATA ELEMENTS
- fixed length control field: 220803|| aca||aabn | a|a d
040 ## - CATALOGING SOURCE
- Original cataloging agency: OSt
- Transcribing agency: OSt
100 ## - HEADING--PERSONAL NAME
- Personal name: Canfield J Vakil S Tr
670 ## - SOURCE DATA FOUND
- Source citation: Work cat.: (OSt)17808: Canfield J 28008, Chicken Soup For The Teenage Soul, 2009